The new frontiersmen; (Record no. 79648)

MARC details
000 -LEADER
fixed length control field 00852cam a22002411 4500
001 - CONTROL NUMBER
control field sa 68003651
003 - CONTROL NUMBER IDENTIFIER
control field DLC
005 - DATE AND TIME OF LATEST TRANSACTION
control field 20260227112455.0
008 - FIXED-LENGTH DATA ELEMENTS--GENERAL INFORMATION
fixed length control field 710903s1967 ii b 00010 eng
010 ## - LIBRARY OF CONGRESS CONTROL NUMBER
LC control number sa 68003651 //r892
043 ## - GEOGRAPHIC AREA CODE
Geographic area code a-ii---
-- e-uk---
050 0# - LIBRARY OF CONGRESS CALL NUMBER
Classification number DA125.S5
Item number A8
082 ## - DEWEY DECIMAL CLASSIFICATION NUMBER
Classification number 301.45/29/45530942
100 10 - MAIN ENTRY--PERSONAL NAME
Personal name Aurora, G. S.
Fuller form of name (Gurdip Singh),
Dates associated with a name 1931-
245 14 - TITLE STATEMENT
Title The new frontiersmen;
Remainder of title a sociological study of Indian immigrants in the United Kingdom,
Statement of responsibility, etc. by G. S. Aurora.
260 0# - PUBLICATION, DISTRIBUTION, ETC.
Place of publication, distribution, etc. Bombay,
Name of publisher, distributor, etc. Popular Prakashan
Date of publication, distribution, etc. [1967]
300 ## - PHYSICAL DESCRIPTION
Extent xv, 176 p.
Dimensions 23 cm.
350 ## - PRICE (NR) (BK AM CF MU VM SE) [OBSOLETE]
Price Rs25
500 ## - GENERAL NOTE
General note "The book is formed of the bulk of a thesis submitted to the London University for an M.Sc. Degree in Economics."
504 ## - BIBLIOGRAPHY, ETC. NOTE
Bibliography, etc. note Bibliography: p. 171-173.
650 #0 - SUBJECT ADDED ENTRY--TOPICAL TERM
Topical term or geographic name entry element Sikhs
Geographic subdivision Great Britain.
651 #0 - SUBJECT ADDED ENTRY--GEOGRAPHIC NAME
Geographic name Great Britain
General subdivision Ethnic relations.

No items available.

Powered by Koha